000 01138na a2200349 4500
001 15231
003 MIRAKIL
005 20181213155249.0
008 161006b tu 000 0
020 _a9786053992806
035 _a15231
040 _aMilas
_btur
_cTR-AnCHP
041 _atur
082 _a320.9561
_bK25t 2013
090 _a320.9561 K25t 2013
100 _aKanra, Bora
245 _aTürkiyede islam, demokrasi ve diyalog
_bBölünmüş toplumlarda müzakere
_cBora Kanra, çeviren ; Yetkin Başkavak
246 _aBölünmüş toplumlarda müzakere
260 _aİstanbul
_bİstanbul Bilgi Üniversitesi Yayınları
_c2013
300 _avii, 198 s.
_btbl.
_c23 sm.
490 _aSiyaset bilimi
_v47
490 _aİstanbul Bilgi Üniversitesi yayınları
_v427
504 _aKaynakça ve dizin var.
650 _aSiyasal iletişim
_zTürkiye
650 _aLaiklik
_zTürkiye
650 _aDemokratikleşme
_zTürkiye
650 _aİslam ve siyaset
_zTürkiye
651 _aTürkiye
_xToplumsal uzzlaşma
657 _aMüzakereci demokrasi
_zTürkiye
700 _aBaşkavak, Yetkin
942 _2ddc
_cBKS
999 _c9523
_d9523